|
|
|
|
| LEADER |
01310nam a22003257a 4500 |
| 001 |
41175 |
| 003 |
BD-DhAAL |
| 008 |
230430r20082007enk ob 001 0 eng d |
| 020 |
|
|
|a 9781905211371
|
| 020 |
|
|
|a 1905211376
|
| 020 |
|
|
|a 1407005324
|
| 020 |
|
|
|a 9781407005324
|
| 040 |
|
|
|a BD-DhAAL
|c BD-DhAAL
|
| 082 |
|
|
|a 338.9
|2 23
|
| 100 |
|
|
|a Chang, Ha-Joon.
|9 50184
|
| 245 |
|
|
|a Bad Samaritans :
|b the guilty secrets of rich nations and the threat to global prosperity /
|c Ha-Joon Chang.
|
| 260 |
|
|
|a London :
|b Random House Business,
|c 2008.
|
| 300 |
|
|
|a xi, 276 pages ;
|c 20 cm.
|
| 504 |
|
|
|a Includes bibliographical references and index.
|
| 541 |
|
|
|a Complimentary copy from Dr. Sang Hoon Lee, Dean of Brac Business School, Brac University
|e 41175
|
| 650 |
|
|
|a Globalization.
|
| 650 |
|
|
|a Economic development.
|
| 650 |
|
|
|a Economic policy.
|
| 650 |
|
|
|a Economics.
|
| 651 |
|
|
|a Developing countries
|x Economic policy.
|
| 651 |
|
|
|a Developing countries
|x Foreign economic relations.
|
| 852 |
|
|
|a Ayesha Abed Library
|c General Stacks
|
| 942 |
|
|
|2 ddc
|c BK
|
| 999 |
|
|
|c 45692
|d 45692
|
| 952 |
|
|
|0 0
|1 0
|2 ddc
|4 0
|6 338_900000000000000_CHA
|7 0
|9 73575
|a BRACUL
|b BRACUL
|c GEN
|d 2023-04-30
|e Complimentary copy from Dr. Sang Hoon Lee
|g 1184.00
|l 3
|m 3
|o 338.9 CHA
|p 3010041175
|r 2025-07-24
|s 2025-07-13
|t 1
|w 2023-04-30
|y BK
|x £8.99
|